Guess the Logo #2 - Statistics

General Stats
  • This quiz has been taken 2,000 times
  • The average score is 14 of 15
Answer Stats
Picture Answer % Correct
Google
99%
Snapchat
98%
Starbucks
98%
Twitter
95%
X box
95%
Burger King
94%
Spotify
94%
Microsoft
93%
Puma
93%
Toyota
93%
Gucci
89%
Fire Fox
88%
Beats
77%
Playboy
75%
Nestle
70%
No matching quizzes found
Score Distribution
Percent of People with Each Score
Percentile by Number Answered
Your Score History
You have not taken this quiz